000 00595nam a2200193 a 4500
001 16889
003 CO-ViMGA
008 141112s2004 ck r 000 u spa d
020 _a8427713525
040 _aCO-ViMGA
_bspa
_cCO-ViMGA
082 0 4 _a372.3 L146e
100 1 _aLahora, Cristina
_923889
245 1 0 _aLa escolarización antes de los 3 años , organización del aula y diez unidades didácticas
260 _aMadríd,
_cNarcea,
_c2001
300 _a175.p.
590 _aForma de adquisición : Premio - Mincultura
650 1 4 _aeducación INFANTIL - DIDACTICA
_923890
942 _2ddc
_cBK
999 _c26523
_d26523